Flags of Cities - European Capitals - Statistics

General Stats
  • This quiz has been taken 270 times
  • The average score is 9 of 20
Answer Stats
Picture Answer % Correct
Dublin
86%
London
81%
Berlin
77%
Amsterdam
68%
Paris
64%
Madrid
52%
Bern
51%
Rome
50%
Stockholm
47%
Chișinău
43%
Bucharest
39%
Kiev
33%
Vilnius
31%
Helsinki
30%
Vienna
24%
Sofia
22%
Brussels
16%
Sarajevo
15%
Podgorica
12%
Tirana
10%
No matching quizzes found
Score Distribution
Percent of People with Each Score
Percentile by Number Answered
Your Score History
You have not taken this quiz